Random Territory Flags - Statistics

General Stats
  • This quiz has been taken 31 times
    7 since last reset
  • The average score is 3 of 20
Answer Stats
Picture Answer % Correct
Bermuda
100%
Curacao
100%
Macau
100%
New Caledonia
100%
Aruba
50%
Faroe Islands
50%
Guam
50%
Montserrat
50%
Puerto Rico
50%
Saint Martin
50%
Turks and Caicos Islands
33%
Akrotiri and Dhekelia
0%
Aland|Aland Islands
0%
Alderney
0%
American Samoa
0%
Anguilla
0%
Ascension Island
0%
Azores
0%
Bonaire
0%
British Indian Ocean Territory
0%
British Virgin Islands
0%
Canary Islands
0%
Cayman Islands
0%
Ceuta
0%
Chatham Islands
0%
Christmas Island
0%
Cocos Keeling Islands
0%
Cook Islands
0%
Easter Island
0%
Falkland Islands
0%
French Guiana
0%
French Polynesia
0%
French Southern and Antarctic Lands
0%
Galapagos Islands
0%
Gibraltar
0%
Greenland
0%
Guadeloupe
0%
Guernsey
0%
Herm
0%
Hong Kong
0%
Isle of Man
0%
Jersey
0%
Juan Fernandez Islands
0%
Madeira
0%
Martinique
0%
Mayotte
0%
Melilla
0%
Niue
0%
Norfolk Island
0%
Northern Mariana Islands
0%
Nueva Esparta
0%
Pitcairn Islands
0%
Reunion
0%
Saba
0%
Saint Barthélemy
0%
Saint Helena
0%
Saint Pierre and Miquelon
0%
San Andrés, Providencia and Santa Catalina|San Andrés, Providencia y Santa Catalina
0%
Sark
0%
Sint Eustatius
0%
Sint Maarten
0%
South Georgia and the South Sandwich Islands
0%
Tokelau
0%
Tristan da Cunha
0%
United States Virgin Islands|US Virgin Islands
0%
Wallis and Futuna
0%
No matching quizzes found
Score Distribution
Percent of People with Each Score
Percentile by Number Answered
Your Score History
You have not taken this quiz since the last reset